000 01120nam a2200229Ia 4500
999 _c49394
_d49394
001 16314
003 GE_BSU
005 20211122104331.0
008 181216s1997||||ge |||||||||||||| ||geo||
040 _cGE_BSU
041 _ageo
080 _a347(479.22)(075.8) ჭ-24
100 _aჭანტურია, ლადო
_912985
245 _aშესავალი საქართველოს სამოქალაქო სამართლის ზოგად ნაწილში :
_b (დამხმ. სახელმძღვ. იურიდ. ფაკ. სტუდ.) /
_cლადო ჭანტურია; [რედ.: სერგო ჯორბენაძე].
264 _aთბილისი :
_bსამართალი,
_c1997.
300 _a434 გვ. ;
_b20 სმ.
541 _h20ლ.
653 _aსაქართველოს სამოქალაქო სამართალი
653 _aსახელმძღვანელო
700 _aჯორბენაძე, სერგო
_eრედაქტორი
_94014
942 _cBK
_2udc